000 00747nam a2200217Ii 4500
003 JO-AjNU
008 230605s9999||||xx |||||||||||||| ||und||
017 _a1995/4189
020 _a977-01-4359-6
040 _aJO-AjNU
_bara
_erda
_cJO-AjNU
041 _aara
050 1 4 _aPJ7863.A18.A19 1995
100 3 _aتأليف السعدني،محمود,
_eauthor
_97948
245 0 0 _aالأعمال المسرحية الكاملة، الجزء الأول
264 3 1 _aالقاهرة: الهيئة المصرية العامة للكتاب، 1995
300 _aج1، 347ص
336 _atext
_btxt
_2rdacontent
337 _aunmediated
_bn
_2rdamedia
338 _avolume
_bnc
_2rdacarrier
650 4 _aالأدب العربي - مصر - مسرح
_97949
999 _aA537
_c4105
_d4105